born without a heart - faouzia - Statistics

General Stats
  • This quiz has been taken 13 times
  • The average score is 260 of 284
Answer Stats
Answer % Correct
a
100%
all
100%
am
100%
an
100%
and
100%
angel
100%
back
100%
blame
100%
born
100%
by
100%
care
100%
cry
100%
dont
100%
every
100%
feel
100%
give
100%
heart
100%
i
100%
im
100%
it
100%
like
100%
(like
100%
me
100%
mean
100%
my
100%
never
100%
no
100%
no?
100%
(no
100%
really
100%
see
100%
take
100%
tell
100%
that
100%
thats
100%
the
100%
this
100%
this)
100%
time
100%
wasnt
100%
way
100%
what
100%
will
100%
with
100%
without
100%
you
100%
always
90%
how
90%
now
90%
oh
90%
oh)
90%
sorry
90%
such
90%
can
80%
in
80%
scars
80%
silence
80%
your
80%
dry
70%
kills
70%
made
70%
people
70%
pieces
70%
pill
70%
start
70%
to
70%
waiting
70%
be
60%
bitter
60%
break
60%
for
60%
have
60%
heartless
60%
(heartless)
60%
hurt
60%
know
60%
nightmare
60%
ooh
60%
tears
60%
these
60%
cant
50%
dreams
50%
id
50%
rather
50%
than
50%
watched
50%
scary
40%
up
40%
flaws
30%
from
30%
hate
30%
wake
30%
No matching quizzes found
Score Distribution
Percent of People with Each Score
Percentile by Number Answered
Your Score History
You have not taken this quiz